Statistics for Countries by a Single Clue #9

Click here to take the quiz!

General Stats

  • This quiz has been taken 14,562 times
  • The average score is 13 of 20

Answer Stats

Clue Country % Correct
Northernmost country in AfricaTunisia
92%
The southernmost country in Central AmericaPanama
83%
Has the highest GDP per capita in the Southern HemisphereAustralia
83%
Sea pirates from this country inspired the movie "Captain Phillips"Somalia
76%
Its emperors were buried in jade suitsChina
75%
Its capital city is VilniusLithuania
73%
Has the most Catholics of any country in Eastern EuropePoland
71%
Much of its land area is within the Ganges deltaBangladesh
71%
Has an autonomous Kurdish region with its own ParliamentIraq
71%
Where the rivers Shannon and Liffey flowIreland
67%
Has the oldest constitution still in use (technically the oldest codified constitution)United States
64%
Largest landlocked country in the Western HemisphereBolivia
62%
Most educated country in the Middle EastIsrael
62%
Until 1480, it was possible to walk from this country to IndiaSri Lanka
61%
Location of the Atacama DesertChile
58%
Gets a total volume of rainfall greater than any other countryBrazil
58%
The only majority Hindu country other than IndiaNepal
57%
Melania Trump was born in this small Alpine countrySlovenia
53%
Led by King Abdullah II - who is sometimes considered a benevolent dictatorJordan
39%
The Romani people (Gypsies) originally came from this countryIndia
25%

Score Distribution

Percentile by Number Answered

Percent of People with Each Score

Your Score History

You have not taken this quiz